|
|
|
|
| LEADER |
00000nam a2200000 4500 |
| 001 |
vtls012247595 |
| 003 |
SK-MaSNL |
| 005 |
20260301173733.0 |
| 008 |
240111s1801 gw f 000 0 ger |
| 015 |
|
|
|a SNBHFA
|
| 040 |
|
|
|a SNKHF
|b slo
|c SNKHF
|e rda
|
| 041 |
0 |
|
|a ger
|
| 044 |
|
|
|a gw
|c DE
|
| 072 |
|
7 |
|a 63
|x Poľnohospodárstvo a príbuzné oblasti vedy a techniky
|2 konspekt
|
| 080 |
|
|
|a 631
|2 2011
|
| 100 |
1 |
|
|a Hatzel, Adam Heinrich
|4 aut
|9 545073
|
| 245 |
1 |
0 |
|a Vollständiges Handbuch der Landwirthschafts-Lehre in systematischer Ordnung
|n Zweyter Band
|c herausgegeben von Adam Heinrich Hatzel
|
| 264 |
|
3 |
|a Heilbronn
|b am Neckar und Rothenburg an der Tauber bei Johann Daniel Claß
|c 1801
|
| 300 |
|
|
|a X, to jest 10 strán, strany 361 - 845, 1 nečíslovaná strana
|c 8°
|c 21 x 13 cm
|
| 336 |
|
|
|a text
|b txt
|2 rdacontent
|
| 337 |
|
|
|a bez média
|b n
|2 rdamedia
|
| 338 |
|
|
|a zväzok
|b nc
|2 rdacarrier
|
| 500 |
|
|
|a Vinety, signety, ozdobné iniciálky
|
| 504 |
|
|
|a Kustody
|
| 546 |
|
|
|a Nemčina
|b Fraktúra
|
| 561 |
|
|
|a Proveniencia: pečiatka: Dr. E. Kadarász- ver. not. Poz. Margity Zayovej.
|5 SNK IC 146126/2
|
| 563 |
|
|
|a Väzba: papierová.
|5 SNK IC 146126/2
|
| 650 |
0 |
7 |
|a poľnohospodárstvo
|2 SNKPH
|9 679
|
| 700 |
1 |
|
|a Zaiová, Margita,
|d 1868-1937
|4 fmo
|9 186369
|
| 700 |
1 |
|
|a Kadarász, Ernest
|4 oth
|9 302455
|
| 700 |
1 |
|
|a Rothenburg, Tauber
|4 prt
|9 545074
|
| 752 |
|
|
|a Nemecko
|d Heilbronn
|
| 852 |
|
|
|a snk
|b Zaiova knižnica
|p IC 146126/2
|
| 958 |
|
|
|a DF
|
| 958 |
|
|
|a ONDV
|
| 999 |
|
|
|c 837539
|d 839469
|
| 952 |
|
|
|t Zay 7227; Z 8548
|a SNK
|b SNK
|c SNK_HF
|y PREZ
|7 0
|p 17A1400499
|o snkIC 146126/2
|i snk2024/625
|8 5
|0 0
|1 0
|4 0
|d 2024-01-11
|l 0
|r 2026-02-24 03:59:15
|w 2026-02-24
|